[Event "IEWCC"]
[Site "Istanbul TUR"]
[Date "2003.06.08"]
[Round "6"]
[White "Djingarova,E"]
[Black "Arakhamia,K"]
[Result "1-0"]
[WhiteElo "2310"]
[BlackElo "2413"]
[EventDate "2003.06.02"]

1. e4 c5 2. Nf3 e6 3. b3 b6 4. d4 cxd4 5. Nxd4 a6 6. Bb2 Bb7 7. Bd3 d6 8.
O-O Nf6 9. Qe2 Nbd7 10. c4 Nc5 11. Nc3 Nxd3 12. Qxd3 Be7 13. Rae1 O-O 14.
Qg3 Re8 15. Nd5 exd5 16. Nf5 g6 17. Nh6+ Kf8 18. exd5 Ng8 19. Nf5 f6 20.
Nd4 Bc8 21. Nc6 Qd7 22. Re6 Qc7 23. Re3 Bd7 24. Nxe7 Rxe7 25. Ba3 Rxe3 26.
Bxd6+ Kf7 27. fxe3 Qb7 28. e4 Re8 29. e5 f5 30. Qh4 h6 31. Qd4 Bc8 32. Re1
Kg7 33. e6+ Kh7 34. e7 Rxe7 35. Bxe7 Nxe7 36. Qf6 Ng8 37. Qf8 Qg7 38. Qxc8
Qd4+ 39. Kh1 Qf2 40. Qc7+ Kh8 41. Qe5+ Kh7 42. Qe2 Qc5 43. Rd1 Nf6 44. d6
Ne4 45. d7 Nf2+ 46. Qxf2 1-0

[Event "IEWCC"]
[Site "Istanbul TUR"]
[Date "2003.06.08"]
[Round "6"]
[White "Mamedjarova,Z"]
[Black "Stepovaia Dianchenko,T"]
[Result "1/2-1/2"]
[WhiteElo "2298"]
[BlackElo "2394"]
[EventDate "2003.06.02"]

1. d4 e6 2. c4 f5 3. e3 Nf6 4. Bd3 b6 5. f4 Bb7 6. Nf3 Be7 7. O-O O-O 8.
Nc3 Ne4 9. Qc2 d5 10. b3 Nd7 11. Bb2 Rc8 12. cxd5 exd5 13. Rac1 c6 14. Qe2
Bd6 15. Rc2 Qe7 16. Ne5 Nxe5 17. dxe5 Bb4 18. Nxe4 dxe4 19. Bc4+ Kh8 20. a4
Rcd8 21. g4 Bc8 22. gxf5 Bxf5 23. Kh1 Bc5 24. Rcc1 Be6 25. Rce1 Bxc4 26.
Qxc4 Rd2 27. Re2 Rxe2 28. Qxe2 Qe6 29. Qd1 g6 30. Re1 Kg8 31. Qc2 Rd8 32.
Qxe4 Qxb3 33. Bd4 Bxd4 34. exd4 Qd5 35. Kg2 Qxe4+ 36. Rxe4 Kf7 37. Kf3 Ke6
38. Ke3 Rd5 39. f5+ gxf5 40. Rh4 Rd7 41. Rh6+ Kd5 42. Kf4 c5 43. dxc5 bxc5
44. Kxf5 c4 45. e6 Re7 46. a5 a6 47. Rh4 c3 48. Rh3 Kd4 49. Rg3 c2 50. Rg1
Rc7 51. Rc1 Kd3 52. Kf6 Kd2 53. e7 Rc8 54. Rg1 c1=Q 55. Rxc1 Kxc1 56. Kf7
Kb2 57. e8=Q Rxe8 58. Kxe8 Kb3 59. h4 Kb4 60. h5 1/2-1/2

[Event "IEWCC"]
[Site "Istanbul TUR"]
[Date "2003.06.08"]
[Round "6"]
[White "Alexandrova,O"]
[Black "Bosboom Lanchava,T"]
[Result "1-0"]
[WhiteElo "2445"]
[BlackElo "2329"]
[EventDate "2003.06.02"]

1. d4 d5 2. c4 c6 3. e3 Nf6 4. Nc3 g6 5. Nf3 Bg7 6. Bd3 O-O 7. O-O Bg4 8.
h3 Bxf3 9. Qxf3 Qd6 10. Rd1 Nbd7 11. cxd5 cxd5 12. Bd2 a6 13. Be1 Rfd8 14.
Rac1 b5 15. a4 b4 16. Na2 a5 17. Bb5 Rdc8 18. Rxc8+ Rxc8 19. Rc1 Rxc1 20.
Nxc1 Qc7 21. Qd1 Nb6 22. Nd3 Ne4 23. Qc1 Qxc1 24. Nxc1 Nd6 25. Bc6 e5 26.
dxe5 Bxe5 27. Nd3 Bf6 28. b3 Ne4 29. Kf1 Kf8 30. f3 Nd6 31. Nf4 d4 32. e4
Ke7 33. Ke2 Ndc8 34. Nd5+ Nxd5 35. Bxd5 Nb6 36. Bc6 Be5 37. Bd2 Bg3 38. Kd3
Bf2 39. Bf4 Nc8 40. Bc7 Na7 41. Bd5 1-0

[Event "IEWCC"]
[Site "Istanbul TUR"]
[Date "2003.06.08"]
[Round "6"]
[White "Sedina,E"]
[Black "Gvetadze,S"]
[Result "1-0"]
[WhiteElo "2434"]
[BlackElo "2320"]
[EventDate "2003.06.02"]

1. e4 d5 2. exd5 Nf6 3. Nf3 Nxd5 4. d4 g6 5. Be2 Bg7 6. O-O O-O 7. c4 Nb6
8. Be3 Nc6 9. Nc3 Bg4 10. d5 Bxf3 11. gxf3 Nb8 12. Qb3 Qc8 13. c5 N6d7 14.
f4 Nf6 15. Bf3 Nbd7 16. Rfe1 Re8 17. Rad1 Nf8 18. a4 Rb8 19. a5 Qf5 20. Qc4
e5 21. Nb5 g5 22. fxg5 Qxf3 23. gxf6 Bxf6 24. Nxc7 Rec8 25. d6 Ng6 26. Qe2
Nh4 27. Qxf3 Nxf3+ 28. Kg2 Nxe1+ 29. Rxe1 Rxc7 30. dxc7 Rc8 31. b4 Rxc7 32.
b5 Be7 33. b6 axb6 34. cxb6 Rc4 35. Rd1 Ra4 36. Rd7 Kf8 37. Rxb7 Rxa5 38.
Rc7 Rb5 39. b7 Bd6 40. Rd7 1-0

[Event "IEWCC"]
[Site "Istanbul TUR"]
[Date "2003.06.08"]
[Round "6"]
[White "Stjazhkina,O"]
[Black "Pokorna,Reg"]
[Result "1-0"]
[WhiteElo "2313"]
[BlackElo "2418"]
[EventDate "2003.06.02"]

1. e4 e5 2. d4 exd4 3. Qxd4 Nc6 4. Qe3 Bb4+ 5. Nc3 Nf6 6. Bd2 O-O 7. O-O-O
Re8 8. f3 d5 9. Qf2 d4 10. Nb5 Bc5 11. Bf4 Bb6 12. Ne2 Nh5 13. Be3 Qe7 14.
Nexd4 Nxd4 15. Nxd4 c6 16. g4 Nf6 17. Bc4 Bc7 18. Rhe1 a5 19. Qh4 Nd5 20.
Qxe7 Nxe7 21. h4 Bg3 22. Rg1 b5 23. Bd3 Bc7 1-0

[Event "IEWCC"]
[Site "Istanbul TUR"]
[Date "2003.06.08"]
[Round "6"]
[White "Llaneza Vega,P"]
[Black "Foisor,C"]
[Result "0-1"]
[WhiteElo "2294"]
[BlackElo "2395"]
[EventDate "2003.06.02"]

1. e4 e6 2. d4 d5 3. Nc3 Bb4 4. Nge2 dxe4 5. a3 Be7 6. Nxe4 Nf6 7. N2g3
Nbd7 8. Bd3 c5 9. dxc5 Nxc5 10. Nxc5 Bxc5 11. O-O Qc7 12. Qe2 Bd7 13. Bd2
Bd6 14. c4 h5 15. c5 Be5 16. Rae1 Ng4 17. b4 Bc6 18. Bg5 a6 19. Bh4 Bf6 20.
Bxf6 gxf6 21. h3 Ne5 22. Ne4 Ke7 23. Rc1 Rhg8 24. Rfd1 f5 25. Nd6 Rxg2+ 26.
Kf1 Nxd3 27. Qxd3 Rag8 28. Qd4 Bf3 29. Ke1 Bxd1 30. Rxd1 Rg1+ 31. Ke2 Rxd1
32. Kxd1 Rd8 33. Qh4+ Kf8 34. Qxh5 Rxd6+ 35. cxd6 Qxd6+ 36. Kc2 Qd4 37. f3
Qc4+ 38. Kb2 Qe2+ 39. Kb1 Qe5 40. Qh6+ Ke7 41. Qd2 f4 42. Qc1 Kf6 43. h4
Qd4 44. Qc8 Qd1+ 45. Kb2 Qe2+ 46. Kb1 Qxf3 47. Qd8+ Kg7 48. Qg5+ Kh7 49.
Qf6 Qb3+ 50. Kc1 Qxa3+ 51. Kc2 Qa2+ 52. Kc1 Qc4+ 53. Kd1 Qd3+ 54. Kc1 Qg6
0-1

[Event "IEWCC"]
[Site "Istanbul TUR"]
[Date "2003.06.08"]
[Round "6"]
[White "Shumiakina,T"]
[Black "Sikorova,O"]
[Result "1-0"]
[WhiteElo "2373"]
[BlackElo "2261"]
[EventDate "2003.06.02"]

1. d4 c5 2. d5 Nf6 3. c4 g6 4. Nc3 d6 5. Nf3 Bg7 6. g3 O-O 7. Bg2 e6 8. O-O
exd5 9. cxd5 Na6 10. Nd2 Nc7 11. Nc4 Nfe8 12. a4 b6 13. Qc2 Ba6 14. b3 Bxc4
15. bxc4 Na6 16. Bb2 Nb4 17. Qd2 Nf6 18. e4 Ng4 19. Qe2 f5 20. Rad1 Qe8 21.
h3 Ne5 22. Nb5 Qd7 23. f4 a6 24. fxe5 axb5 25. e6 Qe7 26. Bxg7 Qxg7 27. e5
Qe7 28. exd6 Qxd6 29. axb5 Ra2 30. Rd2 Ra3 31. Re1 Rxg3 32. Qe5 Qxe5 33.
Rxe5 Nd3 34. Ree2 Nf4 35. d6 Nxe2+ 36. Rxe2 f4 37. e7 Rxg2+ 38. Rxg2 Ra8
39. d7 1-0

[Event "IEWCC"]
[Site "Istanbul TUR"]
[Date "2003.06.08"]
[Round "6"]
[White "Krivec,J"]
[Black "Kononenko,T"]
[Result "0-1"]
[WhiteElo "2256"]
[BlackElo "2370"]
[EventDate "2003.06.02"]

1. e4 c6 2. d4 d5 3. Nd2 dxe4 4. Nxe4 Nd7 5. Nf3 Ngf6 6. Nxf6+ Nxf6 7. Bc4
Bf5 8. Qe2 e6 9. Bg5 Qa5+ 10. c3 Ne4 11. O-O Nxg5 12. Nxg5 Be7 13. Nf3 Bg4
14. h3 Bxf3 15. Qxf3 O-O 16. Qe2 Bf6 17. f4 c5 18. d5 b5 19. Bxb5 exd5 20.
Bd3 c4 21. Bc2 Rfe8 22. Qf2 Qb6 23. Kh1 Re3 24. Rad1 Rd8 25. Bb1 g6 26. h4
Kg7 27. f5 Re7 28. fxg6 hxg6 29. g3 d4 30. cxd4 Bxd4 31. Qc2 Rde8 32. Qxc4
Qb7+ 33. Kh2 Re2+ 34. Kh3 Qg2+ 35. Kg4 R8e4+ 36. Bxe4 Rxe4+ 0-1

[Event "IEWCC"]
[Site "Istanbul TUR"]
[Date "2003.06.08"]
[Round "6"]
[White "Pogonina,N"]
[Black "Cedikova,K"]
[Result "1/2-1/2"]
[WhiteElo "2347"]
[BlackElo "2181"]
[EventDate "2003.06.02"]

1. e4 c5 2. Nf3 d6 3. d4 cxd4 4. Nxd4 Nf6 5. Nc3 g6 6. Be3 Bg7 7. f3 O-O 8.
Qd2 Nc6 9. Bc4 Bd7 10. O-O-O Rc8 11. Bb3 Ne5 12. Kb1 Re8 13. g4 b5 14. g5
Nh5 15. Ncxb5 Nc4 16. Bxc4 Rxc4 17. Nc3 Qb8 18. Nce2 Rec8 19. c3 a5 20. Ka1
Be6 21. Nxe6 fxe6 22. Bd4 Bxd4 23. Nxd4 e5 24. Ne2 R4c5 25. Qc2 Rf8 26.
Rdf1 Kg7 27. Ng3 Qc8 28. Nxh5+ gxh5 29. Rhg1 Qh3 30. Qe2 Rf4 31. Rg3 Qe6
32. Rfg1 Rc4 33. g6 h6 34. a3 Rc8 35. Qa6 Rc5 36. Qa7 Qf6 37. Qd7 h4 38.
Rg4 Rxf3 39. Ka2 Rc4 40. R1g2 Rc5 41. Re2 1/2-1/2

[Event "IEWCC"]
[Site "Istanbul TUR"]
[Date "2003.06.08"]
[Round "6"]
[White "Zaiatz,E"]
[Black "Mamedjarova,T"]
[Result "1-0"]
[WhiteElo "2339"]
[BlackElo "2222"]
[EventDate "2003.06.02"]

1. d4 c5 2. d5 e5 3. e4 d6 4. Nc3 g6 5. h4 Nf6 6. Be2 Bg7 7. h5 h6 8. Be3
a6 9. a4 g5 10. a5 Nh7 11. g4 O-O 12. f3 b6 13. axb6 Qxb6 14. Na4 Qb7 15.
Ra3 Nd7 16. Kf2 Qc7 17. b3 Nb6 18. Qa1 Bb7 19. Nxb6 Qxb6 20. Bc4 Bc8 21.
Ne2 f5 22. gxf5 Nf6 23. Ng3 g4 24. Qd1 gxf3 25. Kxf3 Qb4 26. Ra4 Qb7 27.
Qd2 Kh7 28. Ke2 Rg8 29. Rha1 Bf8 30. Bf2 Qg7 31. Qd3 Qg4+ 32. Qf3 Qf4 33.
Rg1 Ra7 34. Be3 Qg4 35. Qxg4 Rxg4 36. Kf3 Rag7 37. Bd3 Bb7 1-0

[Event "IEWCC"]
[Site "Istanbul TUR"]
[Date "2003.06.08"]
[Round "6"]
[White "Houska,Jo"]
[Black "Kouvatsou,M"]
[Result "1-0"]
[WhiteElo "2386"]
[BlackElo "2233"]
[EventDate "2003.06.02"]

1. e4 e5 2. Nc3 Bb4 3. Nf3 Nf6 4. Nxe5 O-O 5. Nd3 Bxc3 6. dxc3 Nxe4 7. Be2
d5 8. O-O Re8 9. Re1 Bf5 10. Nf4 c6 11. Be3 Nd7 12. Bf1 Ne5 13. f3 Nd6 14.
b3 Qc7 15. Qd2 Rad8 16. a4 b6 17. Qf2 Re7 18. a5 bxa5 19. Bc5 Rde8 20. Red1
Nd7 21. Ba3 Nf6 22. c4 Rd7 23. cxd5 Nde4 24. fxe4 Ng4 25. d6 Qd8 26. Qd2
Rxe4 27. Nd3 Re6 28. h3 Qh4 29. Re1 Be4 30. hxg4 Rd8 31. Qf2 Qxg4 32. Qf4
Qg6 33. Ne5 1-0

[Event "IEWCC"]
[Site "Istanbul TUR"]
[Date "2003.06.08"]
[Round "6"]
[White "Hagesaether,E"]
[Black "Janjgava,N"]
[Result "1/2-1/2"]
[WhiteElo "2166"]
[BlackElo "2286"]
[EventDate "2003.06.02"]

1. Nf3 c5 2. g3 Nf6 3. Bg2 Nc6 4. O-O e6 5. d3 Be7 6. e4 d6 7. c3 Bd7 8. a3
O-O 9. b4 cxb4 10. axb4 b5 11. Nbd2 a5 12. bxa5 Rxa5 13. Rb1 Qc7 14. Nb3
Ra2 15. h3 Ne5 16. Nxe5 dxe5 17. Bd2 Rd8 18. Nc1 Ra4 19. Qe2 Be8 20. Kh1
Rda8 21. f4 Ra1 22. Rxa1 Rxa1 23. Qf3 exf4 24. gxf4 Ba3 25. Ne2 Rxf1+ 26.
Bxf1 Qb7 27. Bg2 b4 28. cxb4 Bxb4 29. Be3 Bb5 30. Bd4 Ne8 31. f5 exf5 32.
Qxf5 Bxd3 33. Nf4 Bc2 34. Nd5 Bf8 35. Qg4 Bb3 36. Ne3 Be6 37. Qg3 Qb1+ 38.
Kh2 Qd3 39. Nf5 Qc4 40. Be5 f6 41. Bf4 Bc5 42. Qf3 g6 43. Ne3 Qd4 44. Qd1
g5 45. Qxd4 Bxd4 46. Nc2 Be5 47. Bxe5 fxe5 48. Ne1 Kf7 49. Kg3 Kf6 50. Bf3
Nd6 51. Nd3 Bf7 52. Kf2 Bg6 53. Ke3 h5 54. Kf2 1/2-1/2

[Event "IEWCC"]
[Site "Istanbul TUR"]
[Date "2003.06.08"]
[Round "6"]
[White "Fakhiridou,E"]
[Black "Kadziolka,B"]
[Result "1-0"]
[WhiteElo "2276"]
[BlackElo "2206"]
[EventDate "2003.06.02"]

1. e4 c5 2. Nf3 d6 3. Bc4 Nf6 4. d3 Nc6 5. Nbd2 g6 6. O-O Bg7 7. c3 O-O 8.
Bb3 e5 9. Re1 Be6 10. Nf1 Qd7 11. Ng3 Ne8 12. Be3 Bxb3 13. Qxb3 Kh8 14.
Rad1 f5 15. exf5 gxf5 16. Bc1 Nf6 17. d4 cxd4 18. cxd4 e4 19. Ne5 dxe5 20.
dxe5 Nd4 21. exf6 Bxf6 22. Be3 Rad8 23. Bxd4 Bxd4 24. Ne2 Qg7 25. Nxd4 Rxd4
26. Rxd4 Qxd4 27. Qxb7 Rd8 28. Qf7 Qd2 29. Rf1 Qd7 30. Qf6+ Kg8 31. Qg5+
Kh8 32. g3 Rc8 33. h4 Rc6 34. Qf4 h6 35. Kh2 Kh7 36. Rc1 Rxc1 37. Qxc1 Kg6
38. Qf4 Qd5 39. b3 a5 40. Qe3 Qd6 41. Qa7 Qd5 42. Qe7 Qc6 43. Qe5 a4 44.
h5+ Kh7 45. Qxf5+ Kh8 46. bxa4 Qxa4 47. Qf6+ Kg8 48. Qg6+ Kf8 49. Qxh6+ 1-0

[Event "IEWCC"]
[Site "Istanbul TUR"]
[Date "2003.06.08"]
[Round "6"]
[White "Smokina,K"]
[Black "Sasu Ducsoara,An"]
[Result "1/2-1/2"]
[WhiteElo "2269"]
[BlackElo "2193"]
[EventDate "2003.06.02"]

1. c4 c5 2. Nc3 g6 3. g3 Bg7 4. Bg2 Nc6 5. Rb1 e5 6. a3 a5 7. d3 Nge7 8.
Nd5 O-O 9. Bg5 f6 10. Bd2 Rb8 11. b4 axb4 12. axb4 cxb4 13. Nxb4 Kh8 14.
Nd5 d6 15. e3 Nxd5 16. cxd5 Ne7 17. Ne2 f5 18. O-O g5 19. f4 gxf4 20. gxf4
Ng6 21. Re1 b5 22. Rb4 Qb6 23. Kf2 Qa5 24. Qb3 Bd7 25. Rb1 Rfc8 26. Ng3
1/2-1/2

[Event "IEWCC"]
[Site "Istanbul TUR"]
[Date "2003.06.08"]
[Round "6"]
[White "Calzetta,M"]
[Black "Muhren,B"]
[Result "1-0"]
[WhiteElo "2253"]
[BlackElo "2092"]
[EventDate "2003.06.02"]

1. e4 c5 2. Nf3 e6 3. d4 cxd4 4. Nxd4 Nf6 5. Nc3 d6 6. g4 a6 7. g5 Nfd7 8.
Be3 b5 9. a3 Bb7 10. Qg4 Nc6 11. O-O-O Nxd4 12. Bxd4 Qa5 13. f4 O-O-O 14.
Bg2 Kb8 15. Kb1 Qc7 16. Rd2 Nb6 17. Rhd1 Nc4 18. Rd3 Be7 19. h4 Bc8 20. Qf3
f6 21. e5 d5 22. gxf6 gxf6 23. exf6 Bd6 24. f5 Bxa3 25. fxe6 Bxe6 26. bxa3
Nxa3+ 27. Kc1 b4 28. Qe2 Qc8 29. Be5+ Ka7 30. Nxd5 Bf5 31. Qf2+ 1-0

[Event "IEWCC"]
[Site "Istanbul TUR"]
[Date "2003.06.08"]
[Round "6"]
[White "Dergatschova Daus,A"]
[Black "Cavusoglu,Y"]
[Result "1-0"]
[WhiteElo "2250"]
[BlackElo "2045"]
[EventDate "2003.06.02"]

1. d4 d5 2. c4 e6 3. Nc3 Nf6 4. cxd5 exd5 5. Bg5 Be7 6. e3 c6 7. Qc2 O-O 8.
Bd3 Nbd7 9. Nf3 Re8 10. O-O Nf8 11. Bxf6 Bxf6 12. b4 b6 13. Rac1 Bb7 14.
Rfd1 Qe7 15. Qb3 Red8 16. Ne2 Ng6 17. Ng3 Rac8 18. Rc2 Nf8 19. Rdc1 g6 20.
a4 h5 21. h3 h4 22. Ne2 Ne6 23. Nf4 Qd6 24. Nxe6 Qxe6 25. e4 g5 26. e5 Be7
27. Nh2 Kh8 28. Be2 f5 29. exf6 Qxf6 30. Rd1 Bd6 31. Ng4 Qf4 32. Rc3 Qf8
33. Rf3 Qg7 34. Ne3 Bf4 35. Nf5 Qd7 36. Nxh4 Bh2+ 37. Kxh2 gxh4 38. Qe3
Qd6+ 39. Qf4 Rc7 40. Qxd6 Rxd6 41. Rf4 Rh6 42. Bg4 Re7 43. Rd3 Ba6 44. Rdf3
Be2 45. Re3 Rxe3 46. fxe3 Bd3 47. Rf7 Be4 48. g3 hxg3+ 49. Kxg3 a5 50. bxa5
bxa5 51. Ra7 Rf6 52. Rxa5 Rf1 53. Ra7 Re1 54. Kf2 Ra1 55. a5 1-0

[Event "IEWCC"]
[Site "Istanbul TUR"]
[Date "2003.06.08"]
[Round "6"]
[White "Mira,H"]
[Black "Makka,I"]
[Result "0-1"]
[WhiteElo "2126"]
[BlackElo "2234"]
[EventDate "2003.06.02"]

1. d4 d5 2. Nf3 Nf6 3. c4 e6 4. Bg5 Be7 5. e3 h6 6. Bxf6 Bxf6 7. Nc3 O-O 8.
Qc2 Nc6 9. cxd5 exd5 10. a3 Re8 11. Be2 Ne7 12. O-O Be6 13. b4 Nc8 14. Na4
Nd6 15. Nc5 Bf5 16. Bd3 Bxd3 17. Nxd3 a5 18. Nfe5 Bxe5 19. Nxe5 c6 20. Rab1
axb4 21. axb4 Ra3 22. Rb3 Ra6 23. f3 Qe7 24. Re1 Rea8 25. Rbb1 Ra4 26. Qc5
Ra2 27. Ng4 h5 28. Nf2 Qh4 29. Rf1 Nc4 30. e4 Nd2 31. Rbd1 Nxf1 32. Rxf1
Ra1 33. g3 Rxf1+ 0-1

[Event "IEWCC"]
[Site "Istanbul TUR"]
[Date "2003.06.08"]
[Round "6"]
[White "Koskela,N"]
[Black "Yildiz,B"]
[Result "1-0"]
[WhiteElo "2312"]
[BlackElo "2119"]
[EventDate "2003.06.02"]

1. e4 d5 2. exd5 Qxd5 3. Nc3 Qa5 4. g3 Nf6 5. Bg2 g6 6. Nge2 Bg7 7. O-O O-O
8. d3 c6 9. Bd2 Qc7 10. Qc1 Nbd7 11. Bh6 Nb6 12. Bxg7 Kxg7 13. b4 e5 14. a4
Bf5 15. a5 Nbd5 16. b5 Qd7 17. a6 cxb5 18. axb7 Rab8 19. Nxd5 Nxd5 20. Qb2
f6 21. Rxa7 Nc7 22. Qc3 Rf7 23. Qc6 Be6 24. Qxd7 Rxd7 25. Nc3 b4 26. Na4
Nb5 27. Ra5 Nd4 28. Nc5 Re7 29. Ra8 1-0

[Event "IEWCC"]
[Site "Istanbul TUR"]
[Date "2003.06.08"]
[Round "6"]
[White "Flear,C"]
[Black "Shukurova,M"]
[Result "1/2-1/2"]
[WhiteElo "2213"]
[BlackElo "2250"]
[EventDate "2003.06.02"]

1. d4 Nf6 2. c4 c5 3. d5 b5 4. cxb5 a6 5. b6 e6 6. Nc3 exd5 7. Nxd5 Nxd5 8.
Qxd5 Nc6 9. Nf3 Bb7 10. Bd2 Be7 11. Ne5 O-O 12. Nxc6 Bxc6 13. Qb3 a5 14. e3
a4 15. Qc2 Qxb6 16. Bd3 h6 17. O-O Bf6 18. Bc3 Bxc3 19. Qxc3 Rab8 20. Rfc1
d6 21. Rab1 Bd5 22. Bc4 Be4 23. Bd3 Bd5 24. Bc4 Be4 25. Bd3 Rfe8 26. Qc2
Bc6 27. Qd1 Qb7 28. Qg4 Re5 29. h4 Be4 30. Bxe4 Rxe4 31. Qg3 Re6 32. Rc4
Re4 33. Rc2 Qd5 34. a3 Re6 35. Rbc1 Rg6 36. Qh3 Qe5 37. h5 Re6 38. Qg4 Rxb2
39. Qxa4 Rb8 40. Qg4 Qd5 41. Rd1 Qb3 42. Rcd2 c4 43. Rxd6 Rxd6 44. Rxd6 c3
45. Rc6 c2 46. Rc8+ Rxc8 47. Qxc8+ Kh7 48. Qf5+ g6 49. hxg6+ Kg7 50. Qe5+
f6 51. Qc7+ Kxg6 52. Kh2 Qb2 53. Qg3+ Kf7 54. Qc7+ Ke6 55. Qc6+ Kf5 56. g4+
Kg6 57. Qe8+ Kg7 58. Qe7+ Kg6 59. Qe8+ Kg7 60. Qe7+ Kg8 1/2-1/2

[Event "IEWCC"]
[Site "Istanbul TUR"]
[Date "2003.06.08"]
[Round "6"]
[White "Stiri,A"]
[Black "Lauterbach,I"]
[Result "1-0"]
[WhiteElo "2178"]
[BlackElo "2144"]
[EventDate "2003.06.02"]

1. e4 d6 2. d4 Nf6 3. Nc3 g6 4. Be3 c6 5. h3 Bg7 6. f4 Qa5 7. Qf3 e5 8.
Nge2 Nbd7 9. dxe5 dxe5 10. f5 b5 11. g4 b4 12. Nd1 Nc5 13. b3 Bb7 14. Ng3
O-O-O 15. g5 Ne8 16. Nb2 Nd6 17. Bc4 Nxc4 18. Nxc4 Rd7 19. O-O Ba6 20. Qe2
Bf8 21. a3 bxa3 22. b4 Bxc4 23. Qxc4 Qa6 24. Qc3 Nb7 25. Qxe5 Rg8 26. Qe8+
Nd8 27. fxg6 Re7 28. gxf7 Rh8 29. Rfd1 1-0

[Event "IEWCC"]
[Site "Istanbul TUR"]
[Date "2003.06.08"]
[Round "6"]
[White "Mar,K"]
[Black "Kharashkina,B"]
[Result "0-1"]
[WhiteElo "2236"]
[BlackElo "2182"]
[EventDate "2003.06.02"]

1. e4 c6 2. d4 d5 3. Nd2 g6 4. Ngf3 Bg7 5. e5 Nh6 6. Be2 f6 7. exf6 exf6 8.
O-O O-O 9. Re1 Be6 10. Nb3 Qc7 11. Nc5 Bf7 12. Bd3 Nd7 13. Re7 Rad8 14.
Nxd7 Rxd7 15. Bf4 Qd8 16. Re1 Be8 17. Qd2 Nf7 18. Re2 Nd6 19. Rae1 Bf7 20.
Qb4 Nc8 21. h3 Re8 22. Nd2 Rxe2 23. Rxe2 a5 24. Qc3 Bf8 25. a3 a4 26. Nf1
Qb6 27. Nh2 Nd6 28. Ng4 Bg7 29. Kh1 h5 30. Nh2 Nc4 31. Bc1 f5 32. Nf3 c5
33. Ne5 Nxe5 34. dxe5 c4 35. Be3 d4 0-1

[Event "IEWCC"]
[Site "Istanbul TUR"]
[Date "2003.06.08"]
[Round "6"]
[White "Gerasimovitch,O"]
[Black "Topel,Z"]
[Result "1-0"]
[WhiteElo "2200"]
[BlackElo "2092"]
[EventDate "2003.06.02"]

1. d4 f5 2. Bg5 g6 3. Nc3 Bg7 4. e4 fxe4 5. Nxe4 Nf6 6. Bd3 O-O 7. Nxf6+
exf6 8. Be3 f5 9. Ne2 d5 10. c3 Nd7 11. Qd2 Nf6 12. f3 Qe7 13. O-O-O b6 14.
h4 c5 15. Rde1 c4 16. Bc2 a5 17. Bg5 Qf7 18. Ba4 Bd7 19. Bxd7 Qxd7 20. Bh6
b5 21. Qg5 Bxh6 22. Qxh6 b4 23. Qg5 bxc3 24. Nxc3 Rae8 25. Rxe8 Qxe8 26. h5
Qf7 27. Ne2 Qe7 28. Nc3 Qf7 29. Kb1 Rb8 30. hxg6 Qxg6 31. Qxg6+ hxg6 32.
Re1 Kf7 33. Re5 Re8 34. f4 Re6 35. Kc2 Ng4 36. Rxe6 Kxe6 37. Kd2 Nf2 38.
Ne2 Nd3 39. b3 cxb3 40. axb3 Nf2 41. Nc1 Ne4+ 42. Ke3 g5 43. Nd3 gxf4+ 44.
Kxf4 Nc3 45. Nc5+ Kf6 46. Nb7 Nb5 47. Ke3 Kg5 48. Nxa5 f4+ 49. Kd3 Kg4 50.
Nc6 Kg3 51. Ne7 Nc7 52. Ng6 Ne6 53. Ne7 Kxg2 54. Nxd5 f3 55. Ne3+ Kg1 56.
Ng4 Kg2 57. Ne3+ Kh2 58. Nd1 Kg3 59. Ke3 Nc7 60. Ke4 Nb5 61. Kd3 Kg2 62. d5
Nd6 63. b4 Nb5 64. Kd2 Nd6 65. Ne3+ Kg3 1-0

[Event "IEWCC"]
[Site "Istanbul TUR"]
[Date "2003.06.08"]
[Round "6"]
[White "Seps,M"]
[Black "Cinar,N"]
[Result "0-1"]
[WhiteElo "2095"]
[BlackElo "2090"]
[EventDate "2003.06.02"]

1. e4 c5 2. Nf3 Nc6 3. d4 cxd4 4. Nxd4 Nf6 5. Nc3 e5 6. Ndb5 d6 7. a4 a6 8.
Na3 Be6 9. Bc4 Be7 10. O-O O-O 11. h3 Rc8 12. Be3 Nb4 13. Bd5 Nbxd5 14.
exd5 Bf5 15. Ne2 Qd7 16. c4 Ne4 17. f3 Nf6 18. Ng3 Bg6 19. b4 Ne8 20. Rc1
f5 21. f4 exf4 22. Bxf4 Bf6 23. Rf2 Nc7 24. a5 Bf7 25. Nc2 Rce8 26. Nd4 Bg6
27. Nf3 Bd8 28. c5 dxc5 29. Rxc5 Nb5 30. Kh1 Be7 31. Rcc2 Bd6 32. Nd4 Bxf4
33. Rxf4 Qxd5 34. Rc5 Qd6 35. Qd2 Nxd4 36. Qxd4 Re1+ 37. Kh2 Qxd4 38. Rxd4
f4 39. Nh5 Bxh5 40. Rxh5 Re2 41. Kg1 f3 42. gxf3 Rxf3 43. Rd8+ Kf7 44. Rd1
Rb3 45. Rh4 Rbb2 46. Kf1 Rf2+ 47. Kg1 h6 48. Rhd4 Rg2+ 49. Kf1 Rh2 50. Kg1
Rxh3 51. Rd7+ Kg6 52. Rxb7 Rg3+ 53. Kf1 Rf3+ 54. Kg1 h5 55. Rd6+ Rf6 56.
Rbb6 Rxd6 57. Rxd6+ Kf5 58. Rxa6 Rxb4 59. Ra8 Rb2 60. a6 Ra2 61. a7 Kg6 62.
Kh1 Kh7 63. Kg1 g5 64. Kh1 h4 65. Kg1 h3 66. Kh1 g4 67. Kg1 g3 0-1

[Event "IEWCC"]
[Site "Istanbul TUR"]
[Date "2003.06.08"]
[Round "6"]
[White "Nagel,Y"]
[Black "Keskin,S"]
[Result "1-0"]
[WhiteElo "2068"]
[BlackElo "2023"]
[EventDate "2003.06.02"]

1. e4 c5 2. c3 d5 3. exd5 Qxd5 4. d4 cxd4 5. cxd4 e6 6. Nf3 Nf6 7. Nc3 Qd8
8. Bg5 Be7 9. Bd3 Nc6 10. Rc1 a6 11. O-O O-O 12. Bb1 Qa5 13. Bxf6 Bxf6 14.
Ne4 Be7 15. Qd3 g6 16. a3 Rd8 17. Qe3 Kg7 18. Rfd1 h6 19. h4 Bd7 20. b4 Qb6
21. h5 g5 22. Nc5 Qc7 23. Qe4 Rh8 24. Nxd7 Qxd7 25. d5 exd5 26. Rxd5 Qe6
27. Qxe6 fxe6 28. Rd7 Rab8 29. Rxc6 bxc6 30. Rxe7+ Kf6 31. Ra7 c5 32. Bg6
Rhf8 33. bxc5 Rbc8 34. Rxa6 Rxc5 35. Nd4 Rc1+ 36. Kh2 Ke5 37. Nf3+ Kd5 38.
Ra5+ Kd6 39. Kg3 Rc3 40. Kh2 g4 41. Nd2 Ke7 42. Ra7+ Kd8 43. Ne4 Rb3 44.
Nc5 Rb6 45. Ra8+ 1-0

[Event "IEWCC"]
[Site "Istanbul TUR"]
[Date "2003.06.10"]
[Round "7"]
[White "Galliamova,A"]
[Black "Cramling,P"]
[Result "1-0"]
[WhiteElo "2489"]
[BlackElo "2470"]
[EventDate "2003.06.02"]

1. e4 c5 2. Nf3 e6 3. d4 cxd4 4. Nxd4 a6 5. Bd3 Bc5 6. c3 Nc6 7. Nxc6 dxc6
8. O-O e5 9. b4 Ba7 10. Qf3 Be6 11. Na3 b5 12. Qg3 Ne7 13. Bc2 Ng6 14. Bb3
Qe7 15. Nc2 O-O 16. Be3 Rfd8 17. Rfd1 Bxe3 18. Qxe3 Rxd1+ 19. Rxd1 Bxb3 20.
axb3 Rd8 21. Rd2 h6 22. Ne1 Rxd2 23. Qxd2 Qe6 24. Qd1 Nf4 25. g3 Qg6 26. f3
Nh3+ 27. Kg2 Ng5 28. Qd7 Ne6 29. Kf1 Qh5 30. Kg1 Kh7 31. h4 c5 32. bxc5
Nxc5 33. Qd5 Ne6 34. b4 Nf8 35. Kf2 f6 36. Qb7 Qe8 37. Qxa6 Qd7 38. Qa2 Qc6
39. Qd2 Nd7 40. Qd5 Qxd5 41. exd5 Nb6 42. d6 Kg8 43. Nc2 Kf7 44. Na3 Ke6
45. Nxb5 Kd7 46. Ke2 Kc6 47. Nc7 g6 48. Kd3 Kxd6 49. Na6 Kd5 50. c4+ Ke6
51. b5 f5 52. c5 Nd7 53. Nc7+ Kf7 54. Kc4 e4 55. fxe4 fxe4 56. Nd5 Ke6 57.
Kd4 e3 58. Nxe3 1-0

[Event "IEWCC"]
[Site "Istanbul TUR"]
[Date "2003.06.10"]
[Round "7"]
[White "Dzagnidze,N"]
[Black "Matveeva,S"]
[Result "1/2-1/2"]
[WhiteElo "2376"]
[BlackElo "2474"]
[EventDate "2003.06.02"]

1. d4 Nf6 2. Nf3 g6 3. Bf4 Bg7 4. e3 d6 5. Be2 O-O 6. O-O c5 7. Nbd2 Nh5 8.
Bg5 h6 9. Bh4 g5 10. Bg3 Nxg3 11. hxg3 g4 12. Nh4 cxd4 13. exd4 Bxd4 14. c3
Bg7 15. Bxg4 e6 16. f4 Nc6 17. f5 d5 18. fxe6 fxe6 19. Qe2 Ne5 20. Rxf8+
Qxf8 21. Nb3 Nxg4 22. Qxg4 e5 23. Qg6 Bd7 24. Rf1 Qe7 25. Kh2 Rf8 26. Rxf8+
Qxf8 27. Qd3 Qf7 28. Nc5 Bc6 29. Qe2 b6 30. Nb3 Bd7 31. Nf3 Qh5+ 32. Kg1
Bg4 33. Qe3 Qf5 34. Kh2 Qf7 35. Nfd2 Qd7 36. Nf3 Qd6 37. Nbd2 Qc5 38. Qe1
e4 39. Nb3 Qc4 40. Nfd4 Qd3 41. Nc1 Qc4 42. Nde2 e3 43. Nf4 Qe4 44. Nce2
Qc2 45. Nc1 Qd2 46. Qf1 Qxb2 47. Qd3 Qd2 48. Qg6 Qxc1 49. Qxg4 Qxc3 50.
Qe6+ Kh7 1/2-1/2

[Event "IEWCC"]
[Site "Istanbul TUR"]
[Date "2003.06.10"]
[Round "7"]
[White "Vasilevich,T"]
[Black "Peptan,C"]
[Result "0-1"]
[WhiteElo "2410"]
[BlackElo "2471"]
[EventDate "2003.06.02"]

1. d4 Nf6 2. c4 e6 3. Nc3 Bb4 4. g3 O-O 5. Bg2 d5 6. Nf3 Nc6 7. O-O dxc4 8.
Re1 Rb8 9. e4 Re8 10. Bf4 Nxd4 11. Qxd4 Qxd4 12. Nxd4 e5 13. Be3 exd4 14.
Bxd4 c5 15. Be3 Be6 16. Red1 Bxc3 17. bxc3 b6 18. Bf4 Rbd8 19. Bd6 Bg4 20.
f3 Nxe4 21. fxe4 Bxd1 22. Rxd1 Re6 23. e5 Rxe5 24. Bh3 Re3 25. Bg4 h5 26.
Kf2 Rxc3 27. Bf5 Ra3 28. Bb1 c3 29. Kf1 g6 30. Ke1 c2 31. Bxc2 Rxa2 32. Bf4
Re8+ 33. Kd2 b5 34. Kc1 c4 35. Kb1 Ra6 36. Rd4 Rc6 37. Be4 Rce6 38. Bc2 a6
39. Kb2 Re2 40. h4 Rg2 41. Rd2 Ree2 42. Rxe2 Rxe2 43. Kc1 b4 44. Bd1 Rf2
45. Ba4 c3 46. Be5 a5 47. Bb3 Kf8 48. Bd6+ Kg7 49. Be5+ f6 50. Bc7 Rb2 51.
Ba4 Ra2 52. Bb3 Ra1+ 53. Kc2 a4 54. Bd5 b3+ 55. Bxb3 axb3+ 56. Kxb3 Rf1 0-1